| 000 | 00528nam a2200205 a 4500 | ||
|---|---|---|---|
| 999 |
_c4677 _d4677 |
||
| 001 | 4677 | ||
| 003 | BD-JhCC | ||
| 005 | 20171129183759.0 | ||
| 008 | 171119s1952 uk |||| ||a| 000 0 eng d | ||
| 035 | _a(BD-JhCC) | ||
| 040 |
_aBD-JhCC _dBD-JhCC |
||
| 041 | _aeng | ||
| 082 |
_a823.914 _bCOC 1952 |
||
| 100 | _aCocking, Thelma | ||
| 245 |
_aTales from the secret bushland / _cThelma Cocking |
||
| 260 |
_aLondon : _bGeorge G. Harrap & Co. Ltd, _c1952 |
||
| 300 |
_a91 p. : _c18 cm. |
||
| 650 | _aShort stories | ||
| 942 |
_2ddc _cBK |
||